Macbeth (Record no. 670)

MARC details
000 -CABECERA
campo de control de longitud fija 00991nam a22002894a 4500
003 - IDENTIFICADOR DE NUMERO DE CONTROL
campo de control AR-BaSMT
008 - CAMPOS DE LONGITUD FIJA
campo de control de longitud fija 240619t2008 uka|||cr|||| 000 1 eng d
020 ## - ISBN: Indicadores indefinidos
Número ISBN 9780746096123
040 ## - FUENTE DE CATALOGACION
Agencia de catalogación original BSGB
Idioma de catalogación español
Convenciones de la descripción rda
041 ## - CODIGO DE IDIOMA
Código idioma eng
Idioma original inglés
080 ## - CDU
CDU completo 82=111
100 1# - PUNTO DE ACCESO PRINCIPAL
Nombre de persona Mason, Conrad
Enlace autoridades 497
245 1# - MENCION DE TITULO
Título Macbeth
250 ## - MENCION DE EDICION
Mención de edición primera edición
264 1# - PRODUCCIÓN, PUBLICACIÓN, DISTRIBUCIÓN, ETC.
Lugar de publicación, etc. Londres :
Nombre editor. Usborne,
Fecha 2008.
300 ## - DESCRIPCION FISICA
Extensión 64 páginas
Otros detalles físicos ilustraciones a color
336 ## - TIPO DE CONTENIDO
texto Texto
337 ## - TIPO DE MEDIO
sin mediación Sin mediación
338 ## - TIPO DE SOPORTE
volumen Volúmen
500 ## - NOTA GENERAL
Nota general Retold by Conrad Mason. Based on the play by William Shakespeare
520 ## - NOTA DE SUMARIO, RESUMEN, ETC.
Toda la nota Macbeth is the bravest general in Scotland, and a loyal servant of King Duncan. But then he heart that one day, he coult be king himself. Mad with ambition, Macbeth sets out on a bloody path to power.
521 ## - NOTA DE PÚBLICO DESTINATARIO
Nota de audiencia Secundaria
650 #7 - PUNTO DE ACCESO ADICIONAL DE MATERIA – TÉRMINO TEMÁTICO
Enlace autoridades 166
Término de materia o nombre geográfico como elemento de entrada LITERATURA
Subdivisión de forma Teatro
Subdivisión general Inglés
700 1# - PUNTO DE ACCESO ADICIONAL – NOMBRE DE PERSONA
Apellido, Nombre Unzner, Christa,
Término relacionador: Ilustradora
Enlace autoridades 496
942 ## - ELEMENTOS AGREGADOS (KOHA)
CDU Clasificación decimal universal
Tipo de ítem Libros
Holdings
Disponible Perdido Fuente de clasificación Estado Ubicación permanente Locación actual Estante o sala Fuente de adquisición Número de inventario Total préstamos Signatura topográfica Código de barras Numero de ejemplar Tipo de item de Koha Calificador de localización códificado
    Clasificación Decimal Dewey   Biblioteca Susana G. De Batemarco Biblioteca Susana G. De Batemarco Literatura en Inglés Secundaria Compra feria del libro 2026 001033   82=11 SHA 001033 1 Libros  

Powered by Koha